000 00659nam a2200229Ia 4500
003 OSt
005 20220923230631.0
006 a|||||r|||| 00| 0
007 ta
008 220922b |||||||| |||| 00| 0 pan d
024 _a286,262
037 _cTextual
040 _aARTS
_cARTS
_bpan
041 _2pan
_apan
082 _aP153, 153L3
100 _aਸਿੰਘ, ਹਰਕੀਰਤ
_9156291
245 0 _aਭਾFਾ ਵਿਗਿਆਨ ਤੇ ਪੰਜਾਬੀ ਭਾFਾ
260 _c1973
650 _aਪੰਜਾਬੀ ਭਾFਾ
942 _hP153, 153L3
_cTEXL
_2CC
999 _c386193
_d386193